[Event "4th London Classic Open"]
[Site "London ENG"]
[Date "2012.12.02"]
[Round "2"]
[White "Millward,K"]
[Black "Altman,Joshua"]
[Result "1-0"]
[BlackTitle "CM"]
[WhiteElo "1969"]
[BlackElo "1555"]
[WhiteFideId "404721"]
[BlackFideId "426210"]
[EventDate "2012.12.01"]

1. e4 c5 2. Nc3 e6 3. d3 Nc6 4. g3 a6 5. Bg2 Nge7 6. Be3 d6 7. Nge2 g6 8. Qd2 h5
9. h3 Bg7 10. O-O Rb8 11. Nd1 b5 12. c3 b4 13. f4 bxc3 14. bxc3 Bb7 15. Nf2 Qa5
16. Rab1 Qc7 17. e5 dxe5 18. Bxc5 exf4 19. Ne4 Nc8 20. Nxf4 N6e7 21. d4 O-O 22.
Qd3 e5 23. Ne2 Bxe4 24. Bxe4 Rxb1 25. Rxb1 f5 26. Rb7 Qd8 27. Bg2 e4 28. Qxa6
Rf6 29. Qa8 1-0

[Event "4th London Classic Open"]
[Site "London ENG"]
[Date "2012.12.02"]
[Round "2"]
[White "Miu,M"]
[Black "Hortillosa,A"]
[Result "0-1"]
[WhiteElo "1631"]
[BlackElo "1963"]
[WhiteFideId "1220691"]
[BlackFideId "2038749"]
[EventDate "2012.12.01"]

1. b3 c5 2. c4 Nc6 3. Bb2 e5 4. Nf3 d6 5. d3 f5 6. g3 Nf6 7. Bg2 Be7 8. O-O O-O
9. Nc3 Qe8 10. e3 Qh5 11. Ne1 Qh6 12. f4 Ng4 13. Nf3 Nxe3 14. Qe2 Nxf1 15. Rxf1
exf4 16. Bc1 Bd7 17. Bxf4 g5 18. Bc1 Rae8 19. Qd2 Qg6 20. Nd5 Bd8 21. Bb2 h6 22.
d4 g4 23. Nf4 Qh7 24. Nh4 Bxh4 25. gxh4 Qe7 26. Bd5+ Kh7 27. dxc5 dxc5 28. h5
Qe3+ 29. Qxe3 Rxe3 30. Bc1 Ree8 31. Ng6 Rf6 32. Bb2 Rxg6 33. hxg6+ Kxg6 34. Kf2
Nb4 35. Rd1 Nc6 36. Bg2 Be6 37. Rd6 Nd8 38. Ba3 Nf7 39. Rd2 b6 40. Re2 Bd7 41.
Rd2 Bc8 42. Bc1 h5 43. Bd5 Ng5 44. Bc6 Re6 45. Bd5 Rd6 46. Rd1 Ne4+ 47. Ke1 Ng5
48. Kf2 Bb7 49. Bf4 Rd7 50. h4 Ne4+ 51. Ke1 Nc3 52. Rd3 Nxd5 53. cxd5 Bxd5 54.
Bb8 Re7+ 55. Kd2 Be4 56. Rd6+ Kg7 57. Rd8 Bb1 58. a3 Ba2 59. b4 cxb4 60. axb4 a5
61. bxa5 bxa5 62. Bg3 a4 63. Ra8 Bb3 64. Ra5 Kg6 65. Ra6+ Kg7 66. Ra5 Rd7+ 67.
Kc3 Rf7 68. Be5+ Kf8 69. Bf4 Ke8 70. Ra8+ Kd7 71. Ra7+ Ke6 72. Ra6+ Kd5 73. Rh6
Ke4 74. Bd6 Rd7 75. Bb8 Bf7 76. Ra6 a3 77. Ra4+ Ke3 78. Bf4+ Kf3 79. Bc1 Rc7+
80. Kd2 a2 81. Ra3+ Kf2 82. Bb2 Rd7+ 83. Kc1 f4 84. Rc3 f3 85. Rc2+ Kg1 86. Be5
f2 87. Bh2+ Kg2 88. Be5 Bb3 0-1

[Event "4th London Classic Open"]
[Site "London ENG"]
[Date "2012.12.02"]
[Round "2"]
[White "Koch,Ala2"]
[Black "Kazmierczak,Ewa"]
[Result "1-0"]
[WhiteElo "1960"]
[BlackElo "1487"]
[WhiteFideId "639532"]
[BlackFideId "1154877"]
[EventDate "2012.12.01"]

1. e4 e6 2. d4 d5 3. exd5 exd5 4. Nf3 Bd6 5. Bd3 Ne7 6. Bg5 c6 7. c3 Qc7 8. Qc2
Ng6 9. Bxg6 hxg6 10. Qe2+ Be6 11. h3 Nd7 12. Nbd2 Nf6 13. Ne5 O-O-O 14. O-O-O
Rde8 15. Rhe1 Nd7 16. Nxd7 Bxd7 17. Qf3 f6 18. Rxe8+ Rxe8 19. Bh4 g5 20. Bg3
Bxg3 21. fxg3 Qd6 22. Nb3 b6 23. Kd2 Re4 24. Re1 g4 25. hxg4 Bxg4 26. Qf2 Rxe1
27. Qxe1 Kd7 28. Nc1 Qe6 29. Qxe6+ Kxe6 30. Ke3 g5 31. Nd3 Bh5 32. Nb4 Kd6 33.
Nd3 Ke6 34. a3 a5 35. Nf2 f5 36. Nd3 Kd6 37. Ne5 b5 38. b3 c5 39. Nd3 c4 40. Nc5
Ke7 41. bxc4 dxc4 42. d5 Bf7 43. Kd4 b4 44. cxb4 axb4 45. axb4 c3 46. Ke5 c2 47.
d6+ Kd8 48. Nd3 Kd7 49. Nc1 Be6 50. Nd3 Bc4 51. Nc1 Bb5 52. Kxf5 Kxd6 53. Ke4
Bc6+ 54. Kd3 Bxg2 55. Kxc2 Ke5 56. Kd3 Be4+ 57. Ke3 Bc6 58. Nb3 Be8 59. Nd2 Kf5
60. Nc4 Bc6 61. Na3 Kg4 62. Kf2 Be4 63. b5 Bd3 64. b6 Ba6 65. Nb5 1-0

[Event "4th London Classic Open"]
[Site "London ENG"]
[Date "2012.12.02"]
[Round "2"]
[White "Phillips,William"]
[Black "Kouchak,J"]
[Result "1-0"]
[WhiteElo "1950"]
[BlackElo "1703"]
[WhiteFideId "414344"]
[BlackFideId "26011379"]
[EventDate "2012.12.01"]

1. e4 d5 2. exd5 Nf6 3. d4 Bg4 4. Bb5+ Nbd7 5. f3 Bf5 6. c4 a6 7. Bxd7+ Qxd7 8.
Ne2 e6 9. dxe6 fxe6 10. O-O O-O-O 11. Nbc3 c6 12. Na4 Qc7 13. Bf4 Bd6 14. Bxd6
Qxd6 15. c5 Qe7 16. Nb6+ Kb8 17. Nc4 Nd5 18. Qd2 g5 19. b4 h5 20. a4 g4 21. f4
h4 22. b5 axb5 23. axb5 cxb5 24. Nd6 Rxd6 25. cxd6 Qxd6 26. Qa5 Nc7 27. Rfc1 Na6
28. Qxb5 Be4 29. Rxa6 Qxa6 30. Qe5+ Ka7 31. Qxe4 Rh5 32. Qe3 Kb8 33. Rc5 Rxc5
34. dxc5 Qc6 35. Nd4 Qxc5 36. Qe5+ Qxe5 37. fxe5 Kc8 38. Nxe6 b5 39. Nd4 Kd7 40.
Kf2 b4 41. Ke3 h3 42. g3 Kc7 43. Ke4 Kb6 44. e6 Kc7 45. Ke5 1-0

[Event "4th London Classic Open"]
[Site "London ENG"]
[Date "2012.12.02"]
[Round "2"]
[White "Spychala,Josefa"]
[Black "Bermingham,Tony"]
[Result "0-1"]
[WhiteElo "1521"]
[BlackElo "1959"]
[WhiteFideId "1136208"]
[BlackFideId "2504103"]
[EventDate "2012.12.01"]

1. d4 f5 2. c4 Nf6 3. Nc3 e6 4. Bg5 Be7 5. Nf3 d6 6. Qc2 Nbd7 7. e3 b6 8. g3 Bb7
9. Bg2 O-O 10. O-O h6 11. Bxf6 Nxf6 12. Rfd1 Qe8 13. Nb5 Bd8 14. Nh4 Bxg2 15.
Kxg2 g5 16. Nf3 Ne4 17. Nc3 g4 18. Nxe4 gxf3+ 19. Kxf3 fxe4+ 20. Kxe4 Qg6# 0-1

[Event "4th London Classic Open"]
[Site "London ENG"]
[Date "2012.12.03"]
[Round "3.1"]
[White "Schneider,Ig"]
[Black "Melkumyan,H"]
[Result "0-1"]
[WhiteTitle "FM"]
[BlackTitle "GM"]
[WhiteElo "2376"]
[BlackElo "2649"]
[WhiteFideId "2019043"]
[BlackFideId "13302485"]
[EventDate "2012.12.01"]

1. e4 e5 2. Nf3 Nc6 3. Nc3 Nf6 4. d4 exd4 5. Nxd4 Bb4 6. Nxc6 bxc6 7. Bd3 O-O 8.
O-O Re8 9. Qf3 Rb8 10. Bg5 Bd6 11. Bxf6 Qxf6 12. Qxf6 gxf6 13. Rab1 Be5 14. Nd1
Rb6 15. b3 Ba6 16. c4 Bd4 17. Ne3 Bxe3 18. fxe3 c5 19. Bc2 Re5 20. Rf4 Bc8 21.
Rbf1 Kg7 22. Rg4+ Kf8 23. Rh4 Bb7 24. Rxh7 Ra6 25. Ra1 Rd6 26. Rf1 Bxe4 27. Bxe4
Rxe4 28. Rh3 Ke7 29. Rhf3 a5 30. R1f2 a4 31. Rb2 Rb6 32. Rff2 Rxe3 33. Rfe2 Re5
34. bxa4 Ra6 35. Red2 d6 36. Rdc2 Rxa4 37. h4 Re4 38. g3 Raxc4 39. Rf2 Rc3 40.
Kg2 Ree3 41. Rfe2 Rxe2+ 42. Rxe2+ Kf8 43. Rd2 Ra3 44. Rc2 Kg7 45. Kh3 Kg6 46.
Kg4 f5+ 47. Kf4 Ra4+ 48. Kf3 Kf6 49. Ke3 Ke5 50. Kf3 Ra3+ 51. Kg2 Kf6 52. Kh3 f4
53. Kg4 fxg3 54. h5 Ra4+ 55. Kxg3 Kg5 56. Rf2 f5 57. h6 Ra3+ 58. Rf3 f4+ 0-1

[Event "4th London Classic Open"]
[Site "London ENG"]
[Date "2012.12.03"]
[Round "3.2"]
[White "Rowson,J"]
[Black "Crouch,C"]
[Result "1/2-1/2"]
[WhiteTitle "GM"]
[BlackTitle "IM"]
[WhiteElo "2586"]
[BlackElo "2382"]
[WhiteFideId "2400561"]
[BlackFideId "400947"]
[EventDate "2012.12.01"]

1. d4 d5 2. c4 c6 3. Nf3 Nf6 4. Nc3 a6 5. c5 g6 6. Bf4 Bg7 7. e3 Nbd7 8. Bd3 Nh5
9. O-O Nxf4 10. exf4 O-O 11. Re1 e6 12. Na4 b5 13. cxb6 Nxb6 14. Nc5 Nd7 15. Rc1
Rb8 16. Re2 Qc7 17. Qd2 Nxc5 18. Rxc5 Rd8 19. a3 Bf8 20. Rc3 Bb7 21. h4 c5 22.
h5 c4 23. hxg6 hxg6 24. Ne5 Ba8 25. Bb1 Rb3 26. Rxb3 cxb3 27. Re3 Rc8 28. Rc3
Qa5 29. Bxg6 fxg6 30. Qd3 Rxc3 31. Qxg6+ Bg7 32. Qxe6+ Kh7 33. Qg6+ Kg8 34. Qe8+
Kh7 35. Qg6+ Kg8 36. bxc3 Qxc3 37. Qe8+ Kh7 38. Qh5+ Kg8 39. Qf7+ Kh7 40. Qg6+
Kg8 41. Qe8+ 1/2-1/2

[Event "4th London Classic Open"]
[Site "London ENG"]
[Date "2012.12.03"]
[Round "3.3"]
[White "Bates,Ri"]
[Black "Van Kampen,R"]
[Result "1/2-1/2"]
[WhiteTitle "IM"]
[BlackTitle "GM"]
[WhiteElo "2370"]
[BlackElo "2570"]
[WhiteFideId "403555"]
[BlackFideId "1020854"]
[EventDate "2012.12.01"]

1. d4 g6 2. Nf3 Bg7 3. g3 c5 4. d5 Nf6 5. Bg2 O-O 6. O-O d6 7. Re1 Na6 8. e4 Nc7
9. Nc3 Bg4 10. h3 Bxf3 11. Qxf3 Nd7 12. Qe2 a6 13. a4 b6 14. Be3 Rb8 15. f4 b5
16. axb5 axb5 17. Bf2 Re8 18. Qd3 Qc8 19. Ra5 c4 20. Qf3 b4 21. Na4 Ra8 22. Rxa8
Qxa8 23. b3 Nb5 24. Qg4 Qc8 25. bxc4 Na3 26. c5 Nxc5 27. Qxc8 Rxc8 28. Nxc5 dxc5
29. e5 Nxc2 30. Rc1 b3 31. Be4 f6 32. Bxc2 bxc2 33. Rxc2 fxe5 34. Rxc5 Rd8 35.
fxe5 Bxe5 36. Kg2 Rb8 37. Rc2 Kf7 38. g4 Rb3 39. Re2 Bd6 40. Rd2 Kf6 41. Bh4+ g5
42. Bf2 Bf4 43. Rd1 Kf7 44. h4 Bd6 45. hxg5 Kg6 46. Bh4 Rb4 47. Re1 Rxg4+ 48.
Kh3 Kh5 49. Bf2 Rxg5 50. Re6 Rf5 51. Be3 Rf3+ 52. Kg2 Rg3+ 53. Kf2 Kg4 54. Re4+
Kf5 55. Rxe7 Bxe7 1/2-1/2

[Event "4th London Classic Open"]
[Site "London ENG"]
[Date "2012.12.03"]
[Round "3.4"]
[White "Hebden,M"]
[Black "Ansell,S"]
[Result "1/2-1/2"]
[WhiteTitle "GM"]
[BlackTitle "IM"]
[WhiteElo "2547"]
[BlackElo "2377"]
[WhiteFideId "400084"]
[BlackFideId "402141"]
[EventDate "2012.12.01"]

1. d4 d5 2. Nf3 c6 3. c4 e6 4. e3 f5 5. Be2 Nf6 6. O-O Bd6 7. b3 Qe7 8. a4 a5 9.
Ba3 Bxa3 10. Nxa3 O-O 11. Ne5 Nbd7 12. f4 Nxe5 13. fxe5 Ne4 14. Bd3 b6 15. Bxe4
fxe4 16. Rxf8+ Qxf8 17. cxd5 exd5 18. Qc2 Bb7 19. Qb2 Ba6 20. Rc1 Rc8 21. Nb1 c5
22. Nd2 cxd4 23. Rxc8 Qxc8 24. Qxd4 Qc5 25. Kf2 Qxd4 26. exd4 Bd3 1/2-1/2

[Event "4th London Classic Open"]
[Site "London ENG"]
[Date "2012.12.03"]
[Round "3.5"]
[White "Gundavaa,B"]
[Black "Weber,T"]
[Result "1-0"]
[WhiteTitle "IM"]
[BlackTitle "FM"]
[WhiteElo "2530"]
[BlackElo "2372"]
[WhiteFideId "4901045"]
[BlackFideId "4000609"]
[EventDate "2012.12.01"]

1. d4 Nf6 2. c4 g6 3. Nc3 d5 4. Bf4 Bg7 5. e3 c5 6. dxc5 Qa5 7. Rc1 dxc4 8. Bxc4
O-O 9. Nf3 Qxc5 10. Bb3 Nc6 11. O-O Qa5 12. h3 Bf5 13. Qe2 Ne4 14. g4 Nxc3 15.
bxc3 Bd7 16. Rfd1 Rad8 17. Rd5 Qa3 18. Rcd1 Be6 19. Rxd8 Nxd8 20. Qb5 a6 21. Qb6
Bxb3 22. axb3 Ne6 23. Be5 Qb2 24. Qxb7 Bxe5 25. Nxe5 Ng5 26. Kg2 Qxc3 27. Qxe7
Ne6 28. Qf6 Qxb3 29. Rd7 Qb6 30. g5 Qb2 31. Rxf7 Qa2 32. Rxf8+ Nxf8 33. Ng4 1-0

[Event "4th London Classic Open"]
[Site "London ENG"]
[Date "2012.12.03"]
[Round "3.6"]
[White "Kojima,S"]
[Black "Williams,Si1"]
[Result "0-1"]
[WhiteTitle "FM"]
[BlackTitle "GM"]
[WhiteElo "2340"]
[BlackElo "2515"]
[WhiteFideId "7000812"]
[BlackFideId "404454"]
[EventDate "2012.12.01"]

1. Nf3 f5 2. d4 e6 3. g3 Nf6 4. Bg2 Be7 5. O-O O-O 6. c4 d6 7. Nc3 Ne4 8. Nxe4
fxe4 9. Nd2 d5 10. f3 Nc6 11. fxe4 Rxf1+ 12. Nxf1 dxc4 13. Be3 Bd7 14. e5 Be8
15. Rc1 b5 16. b3 Ba3 17. Rc2 Rb8 18. bxc4 bxc4 19. Qa1 Na5 20. Bd2 Bb2 21. Qe1
Qxd4+ 22. e3 Qd3 23. Rxb2 Rxb2 24. Bxa5 Rc2 25. Bf3 c3 26. Qd1 Qxd1 27. Bxd1 Rc1
28. Bb3 Bb5 29. Bxe6+ Kh8 30. Bxc3 Rxc3 31. Bf7 Rc1 0-1

[Event "4th London Classic Open"]
[Site "London ENG"]
[Date "2012.12.03"]
[Round "3.7"]
[White "Hawkins,Jo"]
[Black "Szabo,Ben"]
[Result "1-0"]
[WhiteTitle "IM"]
[WhiteElo "2507"]
[BlackElo "2365"]
[WhiteFideId "412686"]
[BlackFideId "733776"]
[EventDate "2012.12.01"]

1. d4 Nf6 2. c4 e6 3. Nc3 Bb4 4. e3 O-O 5. Bd3 d5 6. Nf3 c5 7. O-O Nc6 8. a3
Bxc3 9. bxc3 Qc7 10. cxd5 exd5 11. a4 c4 12. Bc2 Bg4 13. Qe1 Bxf3 14. gxf3 Qd7
15. Qe2 Rfe8 16. Kh1 Ne7 17. Rg1 Ng6 18. e4 Nh5 19. Qf1 f6 20. Rg4 dxe4 21.
Qxc4+ Kh8 22. Qb5 Qxb5 23. axb5 exf3 24. Be3 Rac8 25. Rxg6 Rxc3 26. Bf5 Rexe3
27. fxe3 hxg6 28. Bxg6 Rxe3 29. Rc1 1-0

[Event "4th London Classic Open"]
[Site "London ENG"]
[Date "2012.12.03"]
[Round "3.8"]
[White "Arkell,K"]
[Black "Roberson,P"]
[Result "0-1"]
[WhiteTitle "GM"]
[BlackTitle "FM"]
[WhiteElo "2470"]
[BlackElo "2350"]
[WhiteFideId "400270"]
[BlackFideId "412384"]
[EventDate "2012.12.01"]

1. d4 Nf6 2. Nf3 e6 3. c4 c5 4. d5 d6 5. Nc3 exd5 6. cxd5 g6 7. e4 Bg7 8. Bb5+
Nbd7 9. O-O O-O 10. a4 a6 11. Bxd7 Bxd7 12. Rb1 Bg4 13. h3 Bxf3 14. Qxf3 Nd7 15.
Qg3 Re8 16. Bd2 Rb8 17. Rfe1 Ne5 18. b3 c4 19. Re2 b5 20. axb5 axb5 21. bxc4
bxc4 22. Ree1 Nd3 23. Rxb8 Qxb8 24. Rb1 Qa7 25. Be3 Qa6 26. Nb5 Rb8 27. Qh4 h5
28. Qe7 Kh7 29. Qd7 Qa2 30. Rf1 Qa4 31. Qxf7 Qxb5 32. Qc7 c3 33. Qxd6 Rb7 34.
Ra1 c2 35. Rf1 Qc4 36. g4 Rb1 37. Qc6 Rxf1+ 38. Kxf1 Qxc6 39. dxc6 Be5 40. f4
Bxf4 41. Ke2 0-1

[Event "4th London Classic Open"]
[Site "London ENG"]
[Date "2012.12.03"]
[Round "3.10"]
[White "Arvola,B"]
[Black "Boruchovsky,A"]
[Result "1-0"]
[WhiteTitle "FM"]
[BlackTitle "IM"]
[WhiteElo "2285"]
[BlackElo "2448"]
[WhiteFideId "1506536"]
[BlackFideId "2800055"]
[EventDate "2012.12.01"]

1. d4 d5 2. c4 c6 3. Nf3 Nf6 4. cxd5 cxd5 5. Bf4 Nc6 6. e3 Nh5 7. Bg5 h6 8. Bh4
g5 9. Bg3 Nxg3 10. hxg3 Bg7 11. Nc3 O-O 12. Bd3 Re8 13. Bc2 Kf8 14. a3 Bg4 15.
Kf1 e6 16. Qd2 Bxf3 17. gxf3 e5 18. dxe5 Nxe5 19. Qxd5 Qxd5 20. Nxd5 Red8 21.
Rd1 Nxf3 22. Kg2 g4 23. b4 Rd6 24. Bf5 Ne5 25. e4 Rad8 26. Rc1 Rc6 27. b5 Rc4
28. Rhd1 Ra4 29. Rc7 Nc4 30. Bxg4 Nd6 31. Nb4 Rxa3 32. Rc2 Rb3 33. Nc6 bxc6 34.
bxc6 Ke7 35. c7 Re8 36. Rc6 Be5 37. f4 Rb2+ 38. Kg1 h5 39. Bh3 Nc8 40. fxe5 Rb6
41. Rd7+ Kf8 42. Rxb6 Nxb6 43. Rd8 a5 44. Bd7 1-0

[Event "4th London Classic Open"]
[Site "London ENG"]
[Date "2012.12.03"]
[Round "3.11"]
[White "Hamitevici,V"]
[Black "Zimmermann,Ju"]
[Result "1-0"]
[WhiteTitle "IM"]
[BlackTitle "FM"]
[WhiteElo "2440"]
[BlackElo "2299"]
[WhiteFideId "13902393"]
[BlackFideId "4667654"]
[EventDate "2012.12.01"]

1. d4 Nf6 2. c4 g6 3. g3 Bg7 4. Bg2 O-O 5. Nc3 d6 6. Nf3 c5 7. d5 e6 8. O-O exd5
9. cxd5 Re8 10. Bf4 a6 11. a4 b6 12. Re1 Nh5 13. Bg5 Qc7 14. e4 h6 15. Bd2 Nd7
16. Qc1 g5 17. h4 g4 18. Nh2 Ne5 19. Bf1 Kh7 20. Nd1 Rg8 21. Ne3 Qe7 22. Qc2
Nf3+ 23. Nxf3 gxf3 24. e5+ Kh8 25. Nf5 Bxf5 26. Qxf5 Nxg3 27. fxg3 Bxe5 28. Bd3
Rxg3+ 29. Kf1 Rg6 30. Qh5 f2 31. Rxe5 Qd8 1-0

[Event "4th London Classic Open"]
[Site "London ENG"]
[Date "2012.12.03"]
[Round "3.12"]
[White "Shaw,J"]
[Black "Osborne,M"]
[Result "1-0"]
[WhiteTitle "GM"]
[WhiteElo "2435"]
[BlackElo "2280"]
[WhiteFideId "2400553"]
[BlackFideId "404608"]
[EventDate "2012.12.01"]

1. e4 e6 2. d4 d5 3. Nd2 Nf6 4. e5 Nfd7 5. c3 c5 6. Bd3 Nc6 7. Ne2 Qb6 8. Nf3
cxd4 9. cxd4 f6 10. exf6 Nxf6 11. O-O Bd6 12. Rb1 O-O 13. b4 Qc7 14. b5 Nd8 15.
Ng3 Nf7 16. Bb2 Bf4 17. Re1 Ng4 18. Qc2 Qxc2 19. Bxc2 Bd7 20. Bd3 Ng5 21. Nxg5
Bxg5 22. Nh1 Rac8 23. Re2 Rc7 24. Rbe1 Rfc8 25. f3 Nh6 26. Nf2 Nf5 27. Ng4 Bc1
28. Ne5 Bxb2 29. Rxb2 Nxd4 30. Rb4 Rc1 31. Rxc1 Rxc1+ 32. Kf2 Nc2 33. Ra4 Bc8
34. Rxa7 Nb4 35. Be2 d4 36. Ra4 d3 37. Rxb4 dxe2 38. Kxe2 Rc2+ 39. Kd3 Rxa2 40.
Rd4 Kf8 41. Rd8+ Ke7 42. Rxc8 Rxg2 43. b6 1-0

[Event "4th London Classic Open"]
[Site "London ENG"]
[Date "2012.12.03"]
[Round "3"]
[White "Zhou,Y"]
[Black "Dukaczewski,P"]
[Result "1-0"]
[WhiteTitle "IM"]
[BlackTitle "IM"]
[WhiteElo "2419"]
[BlackElo "2274"]
[WhiteFideId "468584"]
[BlackFideId "1103520"]
[EventDate "2012.12.01"]

1. e4 c5 2. Nf3 d6 3. d4 cxd4 4. Nxd4 Nf6 5. Nc3 Nc6 6. Bg5 e6 7. Qd2 a6 8.
O-O-O Bd7 9. f4 h6 10. Bh4 Nxe4 11. Qe1 Nf6 12. Nf5 Qa5 13. Nxd6+ Bxd6 14. Rxd6
Qc7 15. Rd2 O-O-O 16. Bxf6 gxf6 17. Qh4 f5 18. Be2 Be8 19. Rhd1 Rxd2 20. Rxd2
Qe7 21. Qf2 Nb8 22. g4 fxg4 23. Ne4 Bc6 24. Nd6+ Kc7 25. Qc5 Qf6 26. Nc4 Nd7 27.
Qd6+ Kc8 28. Na5 Nb8 29. Nxc6 bxc6 30. Qa3 Kb7 31. Qb4+ Ka7 32. Bxa6 Kxa6 33.
Rd3 1-0

[Event "4th London Classic Open"]
[Site "London ENG"]
[Date "2012.12.03"]
[Round "3"]
[White "Player,E"]
[Black "Golubka,P"]
[Result "0-1"]
[BlackTitle "IM"]
[WhiteElo "2248"]
[BlackElo "2418"]
[WhiteFideId "406520"]
[BlackFideId "14114224"]
[EventDate "2012.12.01"]

1. e4 c5 2. Nf3 a6 3. b3 d6 4. Bb2 Nc6 5. g3 e5 6. Bg2 Nf6 7. d3 g6 8. Nbd2 Bg7
9. O-O O-O 10. Nc4 b5 11. Ne3 Rb8 12. Nd2 h5 13. h3 h4 14. g4 Nd4 15. Nf3 Nh7
16. Nxd4 cxd4 17. Nd5 Be6 18. f4 Bxd5 19. exd5 Rc8 20. Kh1 Qc7 21. fxe5 dxe5 22.
Rf2 Nf6 23. Qf1 Qd6 24. Re1 Nxd5 25. Bxd5 Qxd5+ 26. Qg2 Qxg2+ 27. Kxg2 Rc6 28.
g5 Rfc8 29. Ree2 a5 30. Kf3 a4 31. Kg4 b4 32. Kxh4 a3 33. Bc1 e4 34. Bf4 e3 35.
Rg2 Re6 36. Bg3 Be5 37. Be1 Kg7 38. Bxb4 f5 39. gxf6+ Rxf6 40. Kg5 Rh8 41. Kg4
Rh5 42. Be1 Rf4+ 43. Kg3 Rg5+ 44. Kh2 Rf1+ 45. Bg3 Rxg3 46. Rxg3 Rf3 47. Rg2
Rxg3 48. Kh1 Rxh3+ 49. Kg1 0-1

[Event "4th London Classic Open"]
[Site "London ENG"]
[Date "2012.12.03"]
[Round "3"]
[White "D'Costa,L"]
[Black "Ledger,D"]
[Result "1/2-1/2"]
[WhiteTitle "IM"]
[BlackTitle "FM"]
[WhiteElo "2417"]
[BlackElo "2266"]
[WhiteFideId "409219"]
[BlackFideId "401986"]
[EventDate "2012.12.01"]

1. Nf3 Nf6 2. d4 g6 3. g3 Bg7 4. Bg2 O-O 5. O-O d6 6. Nc3 Nc6 7. d5 Nb4 8. e4 e6
9. a3 Na6 10. dxe6 Bxe6 11. Nd4 Re8 12. Nxe6 Rxe6 13. Be3 c6 14. Bd4 Nc7 15. Qd3
Re7 16. Rad1 Ne6 17. Bxf6 Bxf6 18. Qxd6 Qxd6 19. Rxd6 Be5 20. Rd2 Nc5 21. Nd1
Rd7 22. Rxd7 Nxd7 23. Re1 Nc5 24. f4 Bg7 25. e5 Rd8 26. Nc3 Rd2 27. Re2 Rxe2 28.
Nxe2 f6 29. exf6 Bxf6 30. b3 Ne6 31. Be4 Bb2 32. a4 Nd4 33. Kf2 Nxe2 34. Kxe2 a5
35. h4 Bc1 36. Kf3 Kg7 37. g4 h6 38. Bd3 Bd2 39. f5 gxf5 40. Bxf5 Be1 41. Bc8 b6
42. h5 Bh4 43. Ke4 Kf6 44. Bd7 Ke7 45. Bxc6 Kd6 46. Be8 Kc5 47. Ke5 Bg5 48. Ke6
Bc1 49. Kd7 Bf4 50. Kc8 Be3 51. Kb7 Bd2 52. Bb5 Be3 53. Kc7 Bf4+ 54. Kd7 Bg5 55.
Ke6 Bd2 56. Ke5 Bg5 57. Ke4 Bc1 58. c3 Bg5 59. Kd3 Bf4 60. Kc2 Bg5 61. Kb2 Bf4
62. Ka3 Bc1+ 1/2-1/2

[Event "4th London Classic Open"]
[Site "London ENG"]
[Date "2012.12.03"]
[Round "3"]
[White "Hanley,C"]
[Black "Stachanczyk,J"]
[Result "1-0"]
[WhiteTitle "IM"]
[WhiteElo "2412"]
[BlackElo "2265"]
[WhiteFideId "408514"]
[BlackFideId "1116657"]
[EventDate "2012.12.01"]

1. Nf3 d5 2. d4 Nf6 3. c4 c6 4. e3 Bg4 5. Qb3 Qc7 6. Ne5 Bf5 7. cxd5 cxd5 8. Bd2
Nc6 9. Nc3 e6 10. Rc1 Rc8 11. Bb5 Nd7 12. Nxd5 exd5 13. Nxc6 bxc6 14. Rxc6 Qd8
15. Qxd5 Rxc6 16. Bxc6 Be6 17. Qe4 Be7 18. d5 O-O 19. dxe6 Nc5 20. Qd5 1-0

[Event "4th London Classic Open"]
[Site "London ENG"]
[Date "2012.12.03"]
[Round "3"]
[White "Tan,Ju2"]
[Black "Sarakauskas,G"]
[Result "1/2-1/2"]
[BlackTitle "IM"]
[WhiteElo "2239"]
[BlackElo "2408"]
[WhiteFideId "3206882"]
[BlackFideId "12800724"]
[EventDate "2012.12.01"]

1. e4 e5 2. Nf3 Nc6 3. Bb5 a6 4. Ba4 Nf6 5. O-O Nxe4 6. d4 b5 7. Bb3 d5 8. dxe5
Be6 9. Nbd2 Nc5 10. c3 g6 11. Qe2 Bg7 12. Rd1 O-O 13. Nf1 Nxb3 14. axb3 Bg4 15.
h3 Bxf3 16. Qxf3 Nxe5 17. Qxd5 Qf6 18. Be3 Rad8 19. Qb7 Rxd1 20. Rxd1 Qc6 21.
Qxc6 Nxc6 22. Bf4 b4 23. Rd3 Rb8 24. Nd2 Rd8 25. Rxd8+ Nxd8 26. Bxc7 bxc3 27.
bxc3 Bxc3 28. Bxd8 Bxd2 1/2-1/2

[Event "4th London Classic Open"]
[Site "London ENG"]
[Date "2012.12.03"]
[Round "3"]
[White "Ferguson,M"]
[Black "Fayard,A"]
[Result "1/2-1/2"]
[WhiteTitle "IM"]
[BlackTitle "FM"]
[WhiteElo "2402"]
[BlackElo "2202"]
[WhiteFideId "403547"]
[BlackFideId "600857"]
[EventDate "2012.12.01"]

1. e4 e5 2. Nf3 Nc6 3. Nc3 Nf6 4. Bb5 Bd6 5. d3 a6 6. Ba4 h6 7. h3 Bc5 8. O-O b5
9. Bb3 d6 10. Nd5 O-O 11. c3 Nxd5 12. Bxd5 Bd7 13. d4 Bb6 14. Be3 Rb8 15. Qd2
Qf6 16. dxe5 Nxe5 17. Nxe5 dxe5 18. Rad1 Rfd8 19. Qe2 Be6 20. Bxb6 Rxb6 21. Bxe6
Rxe6 22. c4 c6 23. cxb5 cxb5 24. Rd5 Rc8 25. Rfd1 Rec6 26. Qe3 Rc2 27. Rd6 Qg5
28. Qxg5 1/2-1/2

[Event "4th London Classic Open"]
[Site "London ENG"]
[Date "2012.12.03"]
[Round "3"]
[White "Gullaksen,E"]
[Black "Dole,A"]
[Result "1/2-1/2"]
[WhiteTitle "IM"]
[WhiteElo "2384"]
[BlackElo "2138"]
[WhiteFideId "1500945"]
[BlackFideId "14301490"]
[EventDate "2012.12.01"]

1. d4 d5 2. c4 c6 3. Nf3 Nf6 4. Nc3 dxc4 5. a4 Bf5 6. Ne5 Na6 7. e3 Nb4 8. Bxc4
e6 9. O-O Bd6 10. Qe2 h6 11. e4 Bh7 12. f4 Bc7 13. Rd1 O-O 14. f5 exf5 15. Nxf7
Rxf7 16. Bxf7+ Kxf7 17. Qc4+ Nbd5 18. exd5 cxd5 19. Qb4 Qd7 20. Re1 f4 21. Qb5
Qd6 22. Re5 Bb6 23. Bxf4 Bxd4+ 24. Kh1 b6 25. Re4 Qc5 26. Re2 Rd8 27. Be5 Be3
28. Bxf6 gxf6 29. Rd1 Bd4 30. Red2 Bxc3 31. bxc3 Be4 32. Qxc5 bxc5 33. Rb2 Rd7
34. Rb5 Rc7 35. Kg1 Ke6 36. Rd2 Ke5 37. Kf2 f5 38. Rdb2 d4 39. cxd4+ Kxd4 40.
Rd2+ Bd3 41. Ke1 Ke3 42. Rb8 c4 43. Rf2 Be4 44. Re2+ Kd4 1/2-1/2